LEADER 00841nam a2200253 i 4500 001 991003193389707536 005 20020509113818.0 008 010704s1983 uk ||| | eng 035 $ab11123254-39ule_inst 035 $aPARLA176953$9ExL 040 $aDip.to Filosofia$bita 082 0 $a193 100 1 $aSinger, Peter$0144360 245 10$aHegel /$cPeter Singer 260 $aOxford ; New York :$bOxford University Press,$c1983 300 $aIX, 97 p. ;$c23 cm. 490 0 $aPast masters 650 4$aHegel, Georg Wilhelm Friedrich 907 $a.b11123254$b23-02-17$c28-06-02 912 $a991003193389707536 945 $aLE005IF XXXVIII D 9$g1$iLE005IFA-16947$lle005$o-$pE0.00$q-$rl$s- $t0$u0$v0$w0$x0$y.i11261286$z28-06-02 996 $aHegel$9858378 997 $aUNISALENTO 998 $ale005$b01-01-01$cm$da $e-$feng$guk $h0$i1 LEADER 02285nas 2200769-a 450 001 996205081003316 005 20230227213019.0 011 $a1573-0476 035 $a(CKB)954925560546 035 $a(CONSER)--2004233183 035 $a(OCoLC)38266758 035 $a(DE-599)ZDB1478894-9 035 $a(MiAaPQ)37545 035 $a(EXLCZ)99954925560546 100 $a19980126a19889999 --- a 101 0 $aeng 135 $aurmnu|||||||| 181 $ctxt$2rdacontent 182 $cc$2rdamedia 183 $acr$2rdacarrier 200 10$aJournal of risk and uncertainty 210 $aBoston, USA $cKluwer Academic Publishers$d©1988- 210 3 $a[New York] $cSpringer US 300 $aRefereed/Peer-reviewed 311 $a0895-5646 531 $aJ RISK UNCERTAINTY 531 $aJ RISK UNCERTAIN 531 $aJOURNAL OF RISK & UNCERTAINTY 531 $aJ. RISK UNCERTAIN 531 0 $aJ. risk uncertain. 606 $aRisk$vPeriodicals 606 $aUncertainty$vPeriodicals 606 $aDecision making$vPeriodicals 606 $aInformation theory$vPeriodicals 606 $aRisque$vPériodiques 606 $aIncertitude$vPériodiques 606 $aPrise de décision$vPériodiques 606 $aThéorie de l'information$vPériodiques 606 $aRyzyko ubezpieczeniowe$2dbn 606 $aDecision making$2fast$3(OCoLC)fst00889035 606 $aInformation theory$2fast$3(OCoLC)fst00973149 606 $aRisk$2fast$3(OCoLC)fst01098118 606 $aUncertainty$2fast$3(OCoLC)fst01160832 606 $aOnzekerheid$2gtt 606 $aRisico's$2gtt 608 $aCzasopismo ekonomiczne.$2dbn 608 $aPeriodicals.$2fast 615 0$aRisk 615 0$aUncertainty 615 0$aDecision making 615 0$aInformation theory 615 6$aRisque 615 6$aIncertitude 615 6$aPrise de décision 615 6$aThéorie de l'information 615 7$aRyzyko ubezpieczeniowe. 615 7$aDecision making. 615 7$aInformation theory. 615 7$aRisk. 615 7$aUncertainty. 615 17$aOnzekerheid. 615 17$aRisico's. 676 $a338.5 906 $aJOURNAL 912 $a996205081003316 996 $aJournal of risk and uncertainty$9794217 997 $aUNISA LEADER 04180nam 22006135 450 001 9910484577403321 005 20200920015202.0 010 $a3-662-43853-4 024 7 $a10.1007/978-3-662-43853-4 035 $a(CKB)3710000000218700 035 $a(EBL)1802903 035 $a(SSID)ssj0001338874 035 $a(PQKBManifestationID)11796898 035 $a(PQKBTitleCode)TC0001338874 035 $a(PQKBWorkID)11344559 035 $a(PQKB)10098310 035 $a(MiAaPQ)EBC1802903 035 $a(DE-He213)978-3-662-43853-4 035 $a(PPN)180625268 035 $a(EXLCZ)993710000000218700 100 $a20140807d2014 u| 0 101 0 $aeng 135 $aur|n|---||||| 181 $ctxt 182 $cc 183 $acr 200 10$aTo Build a Harmonious World $eIdeal of Traditional Chinese Thinking /$fby Baoxu Zhao 205 $a1st ed. 2014. 210 1$aBerlin, Heidelberg :$cSpringer Berlin Heidelberg :$cImprint: Springer,$d2014. 215 $a1 online resource (128 p.) 225 1 $aChina Academic Library,$x2195-1853 300 $aDescription based upon print version of record. 311 $a1-322-17302-8 311 $a3-662-43852-6 327 $aTo Build a Harmonious World: Ideal of Traditional Chinese Thinking -- The Prospects for China -- The Socialist Market Economy: An Important Breakthrough -- The Revival of Political Science in China -- Causes and Consequences of the Cultural Revolution -- Political Transition: From ?the Rule of Man? to ?the Rule of Law? -- Political Science Studies in Contemporary China -- ?Revolution? and ?Development??A Comparative Study of Chinese Diplomacy in the Mao Zedong Era and in the Deng Xiaoping Era -- Sino-American Relations: A Long View -- Prosperity of Chinese Buddhism and Its Contributions to World Peace -- On ?Buddhism of Human Society? -- Foreword to the Chinese Version of A. Doak Barnett?s China?s Far West: Four Decades of Change -- Preface to the Collection of Scalapino?s Lectures -- Ch?ien Tuan Sheng: A Patriotic Scholar -- Professor Wang Tieya As I Know Him. . 330 $aThis book collects the work of Zhao Baoxu, a prominent scholar of political science, international political scientist and educator. It features more than 14 papers that fully explore the political thoughts of Professor Zhao, who was deeply rooted in his concern for China, its people and the world. Going through the vicissitudes in both the 20th and the 21st centuries, Mr. Zhao witnessed and experienced the twists and turns in the birth and development of political science in China. He also participated and promoted the restoration and advancement of contemporary political science in China. Roaming widely in the studies on social science, philosophy, politics, culture and international relations, he spared no effort to explore the political nature and development trend of human society and the path to rejuvenate China and lead the nation towards a high level of civilization. In addition, he ardently appealed for world peace and common development. Inside this book, readers will discover rich and profound political thoughts, intellectual treasures in the area of social culture and political science in China. Professor Zhao?s work offers scholars a unique insight into understanding and grasping the history and development of socialism with Chinese characteristics. 410 0$aChina Academic Library,$x2195-1853 606 $aPolitical science 606 $aPolitical science 606 $aPolitical Theory$3https://scigraph.springernature.com/ontologies/product-market-codes/911010 606 $aPolitical Science$3https://scigraph.springernature.com/ontologies/product-market-codes/911000 615 0$aPolitical science. 615 0$aPolitical science. 615 14$aPolitical Theory. 615 24$aPolitical Science. 676 $a306.20951 700 $aZhao$b Baoxu$4aut$4http://id.loc.gov/vocabulary/relators/aut$01227760 801 0$bMiAaPQ 801 1$bMiAaPQ 801 2$bMiAaPQ 906 $aBOOK 912 $a9910484577403321 996 $aTo Build a Harmonious World$92850677 997 $aUNINA